=LDR 00000nam 2200000 4500 =001 INLIS000000000057363 =005 20201223095037 =035 ##$$a 0010-1220000264 =007 ta =008 201223###########################0#ind## =020 ##$$a 979-3188-32-2 =082 ##$$a 658.81 =084 ##$$a 658.81 Pur m =245 1#$$a Marketing strategic : $b meningkatkan pangsa pasar & daya saing /$c Drs. Purwanto, MM =300 ##$$a 226 halaman : $b Ilustrasi ; $c 21 Cm. =650 #4$$a Pemasaran =504 ##$$a Bibliografi : halaman 222 - 226 =264 ##$$a Tidak Teridentifikasi :$b Platinum,$c 2012 =336 ##$$a teks$2 rdacontent =337 ##$$a lain-lain$2 rdamedia =338 ##$$a lain-lain$2 rdacarrier =990 ##$$a 37923792